Library of the University of Algiers 3
Ibrahim Sultan Cheibout
شعار جامعة الجزائر 3
مكتبة جامعة الجزائر 3
إبراهيم سلطان شيبوط

دراسات الجدوى الإقتصادية وتقييم المشروعات / (رقم التسجيلة. 45624)

تفاصيل مارك
000 -LEADER
fixed length control field 01304nam a2200253Ia 4500
003 - CONTROL NUMBER IDENTIFIER
control field Ost
005 - DATE AND TIME OF LATEST TRANSACTION
control field 20260507075652.0
008 - FIXED-LENGTH DATA ELEMENTS--GENERAL INFORMATION
fixed length control field 260507s9999||||xx |||||||||||||| ||und||
020 ## - INTERNATIONAL STANDARD BOOK NUMBER
International Standard Book Number 6120249957
040 ## - CATALOGING SOURCE
Transcribing agency fsecg
041 ## - LANGUAGE CODE
Language code of text/sound track or separate title ara
082 ## - DEWEY DECIMAL CLASSIFICATION NUMBER
Classification number 658.4
100 ## - MAIN ENTRY--PERSONAL NAME
Personal name معروف، هوشيار
Relator term مؤلف
245 #0 - TITLE STATEMENT
Title دراسات الجدوى الإقتصادية وتقييم المشروعات /
Statement of responsibility, etc. هوشيار معروف
260 ## - PUBLICATION, DISTRIBUTION, ETC.
Place of publication, distribution, etc. عمان:
Name of publisher, distributor, etc. دار صفاء للنشر والتوزيع,
Date of publication, distribution, etc. 2004
300 ## - PHYSICAL DESCRIPTION
Extent 288 صفحة؛
Other physical details إيضاحات ؛
Dimensions 24 سم
504 ## - BIBLIOGRAPHY, ETC. NOTE
Bibliography, etc. note المراجع ص.288
520 ## - SUMMARY, ETC.
Summary, etc. أساسيات دراسات الجدوى وتقييم المشروعات- أنواع دراسات الجدوى والربحية المستهدفة- تحليل المعلومات الأساسية لدراسات الجدوى وتقييم المشروعات- معايير الجدوى الإقتصادية وتقييم المشروعات- أساليب ومؤشرات تقييم الجدوى الإقتصادية- إعداد تقارير الجدوى وعرض حالات تطبيقية.
653 ## - INDEX TERM--UNCONTROLLED
Uncontrolled term إدارة المشروعات
653 ## - INDEX TERM--UNCONTROLLED
Uncontrolled term التحليل الإقتصادي
653 ## - INDEX TERM--UNCONTROLLED
Uncontrolled term تقييم المشاريع
653 ## - INDEX TERM--UNCONTROLLED
Uncontrolled term دراسات الجدوى
942 ## - ADDED ENTRY ELEMENTS (KOHA)
Koha item type كتب

لا توجد مواد متاحة.

موارد الويب المفتوحة


© University of Algiers 3 All Rights Reserved
|
Implemented by LECHELAH Riad